Loading...

Paramvir chakra vijeta /

Bibliographic Details
Main Author: Saxena, Balabir
Language:Undetermined
Published: New Delhi : Manasi prakashan , 2011.
LEADER 00481nam a2200145Ia 4500
001 175952
008 170722s9999 xx 000 0 und d
020 |a 9788190693110 
100 |a Saxena, Balabir 
245 |a Paramvir chakra vijeta / 
260 |a New Delhi :  |b Manasi prakashan ,  |c 2011. 
300 |a 200 p. 
942 |c GEN 
999 |c 169226  |d 169226 
952 |0 0  |1 0  |4 0  |6 V_2594WN_152Q1_GB  |7 0  |8 GB  |9 234272  |a LIB  |b LIB  |d 2017-08-12  |h GB  |o V2:594w,N 152Q1 (GB)  |p G36680  |r 2017-08-12  |v 300.00  |w 2017-08-12  |y GEN